La flor del teatro romántico / (Registro nro. 64212)

Detalles MARC
000 -LEADER
campo de control de longitud fija 01264nam a2200313 i 4500
001 - NÚMERO DE CONTROL
campo de control 64212
003 - IDENTIFICADOR DE NÚMERO DE CONTROL
campo de control ES-MaACL
005 - FECHA Y HORA DE LA ÚLTIMA TRANSACCIÓN
campo de control 20240419181642.0
007 - CAMPO FIJO DE DESCRIPCIÓN FÍSICA--INFORMACIÓN GENERAL
campo de control de longitud fija t|
008 - DATOS DE LONGITUD FIJA--INFORMACIÓN GENERAL
campo de control de longitud fija 031222s1953 sp ||||1| spa d
245 03 - MENCIÓN DEL TÍTULO
Título La flor del teatro romántico /
Mención de responsabilidad, etc. edición y noticia preliminar de José Bergua.
260 ## - PUBLICACIÓN, DISTRIBUCIÓN, ETC.
Lugar de publicación, distribución, etc. Madrid :
Nombre del editor, distribuidor, etc. Ediciones Ibéricas,
Fecha de publicación, distribución, etc. [1953?] (
Fabricante Sáez)
300 ## - DESCRIPCIÓN FÍSICA
Extensión 402 p. ;
Dimensiones 16 cm.
490 1# - MENCIÓN DE SERIE
Mención de serie Biblioteca de bolsillo
505 0# - NOTA DE CONTENIDO CON FORMATO
Nota de contenido con formato La conjuración de Venecia / F. Martínez de la Rosa . Macías / Mariano J. de Larra . Don Álvaro o la fuerza del sino / Duque de Rivas . El trovador / A. García Gutiérrez . Los amantes de Teruel / Juan Eugenio Hartzenbusch
650 00 - PUNTO DE ACCESO ADICIONAL DE MATERIA--TÉRMINO DE MATERIA
Término de materia o nombre geográfico como elemento de entrada Teatro español-
Subdivisión cronológica S.XIX.
9 (RLIN) 17346
700 1# - ENTRADA AGREGADA--NOMBRE PERSONAL
Nombre de persona Bergua, José.
9 (RLIN) 28017
700 1# - ENTRADA AGREGADA--NOMBRE PERSONAL
Nombre de persona Martínez de la Rosa, Francisco,
Fechas asociadas al nombre 1787-1862
9 (RLIN) 78009
700 1# - ENTRADA AGREGADA--NOMBRE PERSONAL
Nombre de persona Larra, Mariano José de,
Fechas asociadas al nombre 1809-1837
9 (RLIN) 70287
700 1# - ENTRADA AGREGADA--NOMBRE PERSONAL
Nombre de persona Rivas, Ángel de Saavedra,
Títulos y otros términos asociados al nombre Duque de,
Fechas asociadas al nombre 1791-1865
9 (RLIN) 97550
740 32 - ENTRADA AGREGADA--TÍTULO RELACIONADO/ANALÍTICO NO CONTROLADO
Título relacionado o analítico no controlado La conjuración de Venecia.
740 02 - ENTRADA AGREGADA--TÍTULO RELACIONADO/ANALÍTICO NO CONTROLADO
Título relacionado o analítico no controlado Macías.
740 02 - ENTRADA AGREGADA--TÍTULO RELACIONADO/ANALÍTICO NO CONTROLADO
Título relacionado o analítico no controlado Don Álvaro o la fuerza del sino.
740 32 - ENTRADA AGREGADA--TÍTULO RELACIONADO/ANALÍTICO NO CONTROLADO
Título relacionado o analítico no controlado El trovador.
740 42 - ENTRADA AGREGADA--TÍTULO RELACIONADO/ANALÍTICO NO CONTROLADO
Título relacionado o analítico no controlado Los amantes de Teruel.
830 1# - PUNTO DE ACCESO ADICIONAL DE SERIE-TÍTULO UNIFORME
Título uniforme Biblioteca de Bolsillo
9 (RLIN) 177945
852 ## - LOCALIZACIÓN
Ubicación ES-MaACL
Número de control de estantería C-8541
Existencias
Estatus retirado Estado de pérdida Estado de daño No para préstamo Biblioteca de origen Biblioteca actual Ubicación en estantería Fecha de adquisición Fuente de adquisición Total de préstamos Signatura topográfica completa Código de barras Visto por última vez Precio de reemplazo Tipo de ítem Koha
        Biblioteca del Ateneo de Madrid Biblioteca del Ateneo de Madrid Sala Palomar 17/01/2008     C-8541 1067290 23/02/2023 23/02/2023 Libro impreso